Statistics for Murder Mystery #2

Click here to take the quiz!

General Stats

  • This quiz has been taken 455 times
  • The average score is 10 of 21

Answer Stats

GroupHintAnswer% Correct
5Who am I?Nicki Minaj
84%
2Who am I?Natalie Portman
77%
5What colour features in the title of my first studio album?Pink
75%
2In what film franchise did I appear as Padmé Amidala?Star Wars
74%
1In what motorsport did I compete from 2020-2022?Formula 1
64%
4What creature did I voice in the Lord of the Rings trilogy?Gollum
64%
5My ________ don't want none unless you got buns, hunanaconda
58%
2I won an Academy Award for my role in what film?Black Swan
55%
3What German team did I beat to win the Champions League?Bayern Munich
51%
4In which Avengers film did I appear?Avengers: {Age of Ultron}
49%
3For which football club did I make the most appearances?Chelsea
48%
9Murder locationIceland
41%
4Who am I?Andy Serkis
40%
8Murder weaponArgon
39%
3Who am I?Didier Drogba
39%
6What mutant did I appear as in the X-Men film series?Jean Grey
38%
6Who partnered with my character in the X-Men film series?Cyclops / Scott Summers
35%
7MurdererPierce Brosnan
34%
1For which team did I race in said motorsport?Williams
28%
1Who am I?Nicholas Latifi
23%
6Who am I?Famke Janssen
19%

Score Distribution

Percentile by Number Answered

Percent of People with Each Score

Your Score History

You have not taken this quiz